Unstopable : (Record no. 359357)
[ view plain ]
| 000 -LEADER | |
|---|---|
| fixed length control field | 00503nam a2200145Ia 4500 |
| 008 - FIXED-LENGTH DATA ELEMENTS--GENERAL INFORMATION | |
| fixed length control field | 181023s9999 xx 000 0 und d |
| 020 ## - INTERNATIONAL STANDARD BOOK NUMBER | |
| International Standard Book Number | 9781119412434 |
| 100 ## - MAIN ENTRY--PERSONAL NAME | |
| Personal name | Anderson, Dave. |
| 245 ## - TITLE STATEMENT | |
| Statement of responsibility, etc | Dave Anderson.-- |
| Title | Unstopable : |
| Remainder of title | transforming your mindset to create change, accelerate results, and be the best at what you do / |
| 260 ## - PUBLICATION, DISTRIBUTION, ETC. (IMPRINT) | |
| Place of publication, distribution, etc | New Jersey : |
| Name of publisher, distributor, etc | Wiley |
| Date of publication, distribution, etc | 2017 |
| 300 ## - PHYSICAL DESCRIPTION | |
| Extent | xviii, 215 pages. |
| 500 ## - GENERAL NOTE | |
| General note | Includes indexes. |
| 650 ## - SUBJECT ADDED ENTRY--TOPICAL TERM | |
| Topical term or geographic name as entry element | Employee motivation. |
| 650 ## - SUBJECT ADDED ENTRY--TOPICAL TERM | |
| Topical term or geographic name as entry element | Organization behavior. |
| Withdrawn status | Lost status | Damaged status | Home library | Current library | Shelving location | Date acquired | Source of acquisition | Total Checkouts | Total Renewals | Full call number | Barcode | Date last seen | Date checked out | Price effective from | Koha item type |
|---|---|---|---|---|---|---|---|---|---|---|---|---|---|---|---|
| College Library | College Library | Reserve Section | 10/23/2018 | Library Fund | 2 | 1 | HF 5549.5.M63 .A59 2017 | C21716 | 04/14/2023 | 03/31/2023 | 10/23/2018 | Books |